|
|
|
|
| LEADER |
00000nam a2200000 a 4500 |
| 001 |
vtls008402530 |
| 003 |
SK-MaSNL |
| 005 |
20260301050900.0 |
| 008 |
251124s1930 xo slo |
| 015 |
|
|
|a SKSNBA19191938-013188
|
| 035 |
|
|
|a SK01SNKBSKHR20020094747
|
| 035 |
|
|
|a SKM000097210
|
| 040 |
|
|
|a SNK
|b slo
|c SNK
|e AACR2
|
| 041 |
1 |
|
|a slo
|h rus
|
| 044 |
|
|
|a xo
|
| 080 |
|
|
|a 882
|2 1981
|
| 100 |
1 |
|
|a Tolstoj, Lev Nikolajevič,
|d 1828-1910
|4 aut
|9 14566
|
| 245 |
1 |
0 |
|a Kavkazský zajatec
|b rozprávky
|c Lev Nikolajevič Tolstoj ; prel. R. Klačko
|
| 260 |
|
|
|a Martin
|b Matica slovenská
|b O. Trávniček, Žilina
|c 1930
|e Martin
|f Nová kníhtlačiareň
|
| 300 |
|
|
|a 69, [3] s.
|c 8°
|
| 490 |
0 |
|
|a Dobré slovo
|v zv. 3
|
| 500 |
|
|
|a Ilustr. od Andreja Kováčika
|
| 504 |
|
|
|a Zozn. edície
|
| 650 |
0 |
7 |
|a rozprávky ruské
|2 SNK
|9 357238
|
| 655 |
|
7 |
|a umelecká literatúra
|2 SNKPH
|9 60405
|
| 700 |
1 |
|
|a Klačko, Rudolf,
|d 1892-1975
|4 trl
|9 101063
|
| 700 |
1 |
|
|a Kováčik, Andrej,
|d 1889-1953
|4 ill
|9 103145
|
| 830 |
|
0 |
|a Dobré slovo
|9 277607
|
| 852 |
|
|
|a Slovenská národná knižnica v Martine
|b 10000
|h MS SD 2857/3
|
| 852 |
|
|
|a Univerzitná knižnica v Bratislave
|b 300000
|h SF 1878
|
| 852 |
|
|
|a Univerzitná knižnica v Bratislave
|b 300000
|h XXF 677
|
| 958 |
|
|
|a OND
|
| 958 |
|
|
|a RK
|
| 958 |
|
|
|a TL
|
| 999 |
|
|
|c 602014
|d 603944
|
| 952 |
|
|
|a SNK
|b SNK
|y VYP
|7 0
|p 17A0327987
|o snkSD 2857/3 D1
|i snkK 3559/69
|8 3
|0 0
|1 0
|4 0
|d 2007-02-02
|l 0
|r 2026-02-23 15:57:45
|w 2026-02-23
|